000 00473nam a2200169Ia 4500
003 GCL
008 140319s9999 xx 000 0 ara d
040 _aGCL /
_cGCL
082 0 4 _a327.2
_bع ج
100 1 _aعبدالمجيد فراج
245 1 0 _aحبر على ورق: دبلوماسية التنمية /
_cعبدالمجيد فراج
300 _a288
490 _a100 قصة
_v0
650 0 4 _aالدبلوماسية
650 0 4 _aالتنمية
942 _2ddc
_cBK
999 _c43787
_d43787